000 00222nam a22000857a 4500
008 160629b xxu||||| |||| 00| 0 eng d
100 _91433
_aPurang, Y.P
245 _aEnvironmental Educational for us
260 _aN.D
_b Arya
_c2005
999 _c1184
_d1184